| 000 | 00419nam a2200121Ia 4500 | ||
|---|---|---|---|
| 008 | 170224s9999 xx 000 0 und d | ||
| 245 | _aConceptualizing psychological processes in response to globalization: Components, antecedents, and consequences of global orientations. | ||
| 260 | _bJournal of Personality and Social Psychology | ||
| 260 | _c2016 | ||
| 300 | _a110:2 | ||
| 500 | _aFebruary | ||
| 650 | _xPsychology. | ||
| 999 |
_c316425 _d316425 |
||